| 000 | 00540nac a22001691u 4500 | ||
|---|---|---|---|
| 008 | 150901b xxu||||| |||| 00| 0 eng d | ||
| 082 |
_a823 _bWOL |
||
| 100 | _aWoolf, Virginia | ||
| 245 |
_aMrs Dalloway : A Critical Study / _cVirginia Woolf ;By Ramji Lall. |
||
| 260 |
_aNew Delhi: _bSurjeet Publications;c.1997. _cc.1997. |
||
| 300 | _ap. | ||
| 500 | _aDistributer : Al Ahram. | ||
| 511 | _aCatalogued By : Mahitab. | ||
| 650 |
_aEnglish Fiction - Critical Studies. _2BUEsh |
||
| 651 | _2BUEsh | ||
| 942 |
_cBB _k832.8WOL _2ddc |
||
| 999 |
_c5458 _d5458 |
||